Redistribución espacial de la población: objetivos, limitaciones e impacto de la acción estatal en Centroamérica el caso de Honduras /
Enregistré dans:
| Auteur principal: | |
|---|---|
| Collectivités auteurs: | , |
| Format: | Texte |
| Publié: |
Tegucigalpa
|
| Tags: |
Ajouter un tag
Pas de tags, Soyez le premier à ajouter un tag!
|
MARC
| LEADER | 00000 a a2200000 04500 | ||
|---|---|---|---|
| 001 | 20861 | ||
| 003 | |||
| 040 | |||
| 090 | |a 089300 | ||
| 100 | |a Molina Chocano, Guillermo | ||
| 110 | |a CSUCA | ||
| 245 | |a Redistribución espacial de la población: objetivos, limitaciones e impacto de la acción estatal en Centroamérica el caso de Honduras / |c CSUCA | ||
| 260 | |a Tegucigalpa | ||
| 300 | |a 191 p.; v. 2 | ||
| 710 | |a UNAH |a CEPROD |a PISPAL |a IDRC | ||
| 999 | |c 15669 |d 15669 | ||
